=LDR 00000nam 2200000 4500 =001 INLIS000000000026973 =005 20200229094133 =035 ##$$a 0010-061300000026973 =008 200229################g##########0#ind## =041 ##$$a Ind =082 ##$$a 020 =090 ##$$a 020, Aks a =245 ##$$a Aksentuasi perpustakaan dan pustakawan /$c Suprianto...[et.al] =260 ##$$a Jakarta :$b IPI,$c 2006 =300 ##$$a X, 405 hlm, : $b Ilus ; $c 14 x 21 cm =650 #4$$a Perpustakaan dan Pustakawan =850 ##$$a NBPNMAT =020 ##$$a 979-95013-2-6 =084 ##$$a 020 Aks a =710 #$$a Rimbarawa, Kosam =504 ##$$a Bibliografi: hlm. 396 - 397 =990 ##$$a 20704195/ Pb-07